Computational aspects of commutative algebra: from a special issue of the Journal of Symbolic Computation

Guardado en:
Detalles Bibliográficos
Autor principal: Robbiano, Lorenzo (Autor)
Formato: Libro
Lenguaje:inglés
Publicado: Londres Academic Press 1989
Materias:
Etiquetas: Agregar Etiqueta
Sin Etiquetas, Sea el primero en etiquetar este registro!

MARC

LEADER 00000nam a2200000 a 4500
001 UCW0925
003 CL-VaPUC
008 900529e19890000UK |||||||||||||||||eng|d
082 0 4 |a 512.24  |b ROB  |2 21 
100 0 |a Robbiano, Lorenzo  |e author  |9 304849 
245 1 0 |a Computational aspects of commutative algebra: from a special issue of the Journal of Symbolic Computation 
300 |a 254 p 
942 |c BK 
945 |d 19900529 00:00:00 
260 |a Londres  |b Academic Press  |c 1989 
650 0 |a Álgebra conmutativa  |9 269932 
583 |a last modification  |c 19900529 00:00:00  |k Rodrigo Vera 
999 |c 215940  |d 215938 
952 |0 0  |1 0  |4 0  |6 512_240000000000000_ROB_1989  |7 0  |8 A  |9 201218  |a BIBMAT  |b BIBMAT  |d 2019-11-14  |i 2683954  |o 512.24 ROB 1989  |p 2683954  |r 2025-01-07  |w 2019-11-14  |y BK  |k MAT